| 000 | 00822nam a2200253Ia 4500 | ||
|---|---|---|---|
| 003 | OSt | ||
| 005 | 20220923211009.0 | ||
| 006 | a|||||r|||| 00| 0 | ||
| 007 | ta | ||
| 008 | 220922b |||||||| |||| 00| 0 hin d | ||
| 020 | _a8170485940 (HB) | ||
| 024 | _a231,308 | ||
| 037 | _cTextual | ||
| 040 |
_aARTS _cARTS _bhin |
||
| 041 |
_2hin _ahin |
||
| 082 | _aQ1:21K, 152P4 | ||
| 100 |
_aपाण्डेय, ओमप्रकाश _9156977 |
||
| 245 | 0 | _aवैदिकखिलसूक्त मीमांसा | |
| 246 | _aVaidikakhilasūkta mīmāansā | ||
| 260 |
_aक्मसीप _b छंह च्नइसपेीमते _c2004 |
||
| 300 |
_axxxiv,390p. _ccm. |
||
| 942 |
_hQ1:21K, 152P4 _cTEXL _2CC |
||
| 999 |
_c293686 _d293686 |
||